<?xml version="1.0" encoding="UTF-8"?>
<collection xmlns="http://www.loc.gov/MARC21/slim">
<record>
  <controlfield tag="001">165694</controlfield>
  <controlfield tag="005">20260114125842.0</controlfield>
  <datafield tag="024" ind1="7" ind2=" ">
    <subfield code="2">doi</subfield>
    <subfield code="a">10.1111/eve.13758</subfield>
  </datafield>
  <datafield tag="024" ind1="8" ind2=" ">
    <subfield code="2">sideral</subfield>
    <subfield code="a">132097</subfield>
  </datafield>
  <datafield tag="037" ind1=" " ind2=" ">
    <subfield code="a">ART-2023-132097</subfield>
  </datafield>
  <datafield tag="041" ind1=" " ind2=" ">
    <subfield code="a">eng</subfield>
  </datafield>
  <datafield tag="100" ind1=" " ind2=" ">
    <subfield code="a">Barrio Fernández, Elena</subfield>
  </datafield>
  <datafield tag="245" ind1=" " ind2=" ">
    <subfield code="a">Dental health and management practices of donkeys in the UK: What should we be considering?</subfield>
  </datafield>
  <datafield tag="260" ind1=" " ind2=" ">
    <subfield code="c">2023</subfield>
  </datafield>
  <datafield tag="506" ind1="0" ind2=" ">
    <subfield code="a">Access copy available to the general public</subfield>
    <subfield code="f">Unrestricted</subfield>
  </datafield>
  <datafield tag="520" ind1="3" ind2=" ">
    <subfield code="a">Background
Several studies have shown dental disease to have a high prevalence and severity in donkeys. Limited studies have assessed the possible relationships between poor dental health and the management and health care of donkeys.
Objective
The aim of this study was to identify relationships between dental health and current management of donkeys in the UK and to provide recommendations to improve practices to help donkey welfare.
Study design
Observational cross-sectional survey.
Methods
A total of 596 donkeys surrendered to The Donkey Sanctuary (TDS) over a period of 30 months were included. Analysis was performed on three categories of information: entrance information submitted by previous owners and welfare professionals, pre-admission clinical examination records and arrival medical examination data.

Results
No statistically significant differences were identified between dental health and provision of bedding, or diet types. Agreement between external professionals and experienced TDS staff was weak in reference to recognition of dental pathology, age and body condition score (BCS). Over 25% of donkeys with severe dental pathology also had poor BCS (1–1.5). The majority of donkeys had no indication of previous dental examination.
Main limitations
Entrance information was not gathered and recorded in a structured manner.
Conclusions
Regular prophylactic dental care seems to have poor uptake amongst the owners of the study population, but this is perhaps, in part, aligned to the nature of the sanctuary. Owners are yet to take dental health into consideration when allocating a diet or bedding types to their donkeys, presenting a risk of colic/choke in those fed long fibres with an inability to process them adequately. The Donkey Sanctuary should continue to offer accessible means of education to reach both professionals and owners alike, and this may be well served by the implementation of the new, online, Donkey Academy.</subfield>
  </datafield>
  <datafield tag="540" ind1=" " ind2=" ">
    <subfield code="9">info:eu-repo/semantics/openAccess</subfield>
    <subfield code="a">All rights reserved</subfield>
    <subfield code="u">http://www.europeana.eu/rights/rr-f/</subfield>
  </datafield>
  <datafield tag="590" ind1=" " ind2=" ">
    <subfield code="a">0.8</subfield>
    <subfield code="b">2023</subfield>
  </datafield>
  <datafield tag="591" ind1=" " ind2=" ">
    <subfield code="a">VETERINARY SCIENCES</subfield>
    <subfield code="b">108 / 167 = 0.647</subfield>
    <subfield code="c">2023</subfield>
    <subfield code="d">Q3</subfield>
    <subfield code="e">T2</subfield>
  </datafield>
  <datafield tag="592" ind1=" " ind2=" ">
    <subfield code="a">0.389</subfield>
    <subfield code="b">2023</subfield>
  </datafield>
  <datafield tag="593" ind1=" " ind2=" ">
    <subfield code="a">Equine</subfield>
    <subfield code="c">2023</subfield>
    <subfield code="d">Q2</subfield>
  </datafield>
  <datafield tag="594" ind1=" " ind2=" ">
    <subfield code="a">2.4</subfield>
    <subfield code="b">2023</subfield>
  </datafield>
  <datafield tag="655" ind1=" " ind2="4">
    <subfield code="a">info:eu-repo/semantics/article</subfield>
    <subfield code="v">info:eu-repo/semantics/acceptedVersion</subfield>
  </datafield>
  <datafield tag="700" ind1=" " ind2=" ">
    <subfield code="a">de Blas Giral, Ignacio</subfield>
    <subfield code="u">Universidad de Zaragoza</subfield>
    <subfield code="0">(orcid)0000-0002-1204-4356</subfield>
  </datafield>
  <datafield tag="700" ind1=" " ind2=" ">
    <subfield code="a">Lilly, Gemma</subfield>
  </datafield>
  <datafield tag="700" ind1=" " ind2=" ">
    <subfield code="a">Rodrigues, Joao B.</subfield>
  </datafield>
  <datafield tag="700" ind1=" " ind2=" ">
    <subfield code="a">Vázquez Bringas, Francisco José</subfield>
    <subfield code="u">Universidad de Zaragoza</subfield>
    <subfield code="0">(orcid)0000-0002-8712-2275</subfield>
  </datafield>
  <datafield tag="710" ind1="2" ind2=" ">
    <subfield code="1">1009</subfield>
    <subfield code="2">773</subfield>
    <subfield code="a">Universidad de Zaragoza</subfield>
    <subfield code="b">Dpto. Patología Animal</subfield>
    <subfield code="c">Área Sanidad Animal</subfield>
  </datafield>
  <datafield tag="710" ind1="2" ind2=" ">
    <subfield code="1">1009</subfield>
    <subfield code="2">617</subfield>
    <subfield code="a">Universidad de Zaragoza</subfield>
    <subfield code="b">Dpto. Patología Animal</subfield>
    <subfield code="c">Área Medicina y Cirugía Animal</subfield>
  </datafield>
  <datafield tag="773" ind1=" " ind2=" ">
    <subfield code="g">35, 7 (2023), 371-381</subfield>
    <subfield code="p">Equine vet. educ.</subfield>
    <subfield code="t">Equine veterinary education</subfield>
    <subfield code="x">0957-7734</subfield>
  </datafield>
  <datafield tag="856" ind1="4" ind2=" ">
    <subfield code="s">255349</subfield>
    <subfield code="u">http://zaguan.unizar.es/record/165694/files/texto_completo.pdf</subfield>
    <subfield code="y">Postprint</subfield>
  </datafield>
  <datafield tag="856" ind1="4" ind2=" ">
    <subfield code="s">1306476</subfield>
    <subfield code="u">http://zaguan.unizar.es/record/165694/files/texto_completo.jpg?subformat=icon</subfield>
    <subfield code="x">icon</subfield>
    <subfield code="y">Postprint</subfield>
  </datafield>
  <datafield tag="909" ind1="C" ind2="O">
    <subfield code="o">oai:zaguan.unizar.es:165694</subfield>
    <subfield code="p">articulos</subfield>
    <subfield code="p">driver</subfield>
  </datafield>
  <datafield tag="951" ind1=" " ind2=" ">
    <subfield code="a">2026-01-14-12:58:03</subfield>
  </datafield>
  <datafield tag="980" ind1=" " ind2=" ">
    <subfield code="a">ARTICLE</subfield>
  </datafield>
</record>
</collection>